000 06820cgm a2201117Ii 4500
001 ocn864688958
003 OCoLC
005 20251212103253.0
007 vd cvaizk
008 131121p20142013cau616 vleng d
020 _c19.99
024 1 _a024543899297
028 4 2 _a2289929
_b20th Century Fox
035 _a(OCoLC)864688958
040 _aDYJ
_beng
_cDYJ
_dTEF
_dFMF
_dGK5
_dMR0
_dPX0
_dZPX
_dIHY
_dWACOL
_eRDA
041 1 _aeng
_aspa
_apor
_heng
043 _an-us---
_aa-iq---
046 _k2013
049 _aWACL
050 4 _aPN1992.77
_b.H662 2014
082 0 4 _a791.45/75
_223
092 _aDVD
_bHom
130 0 _aHomeland (Television program : 2011- ).
_nSeason 3.
_95891163
245 1 0 _aHomeland. The complete third season /
246 3 _aHomeland.
_nThe complete 3rd season
246 3 _aHomeland.
_nSeason three
246 3 _aHomeland.
_nSeason 3
257 _aUnited States
264 2 _aBeverly Hills, Calif. :
_bTwentieth Century Fox Home Entertainment, developed for American television by Alex Gansa & Howard Gordon ; Twentieth Century Fox Film Corporation ; Teakwood Lane Productions ; Cherry Pie Productions ; Keshet ; Fox 21.
_c[2014]
300 _a4 videodiscs (approximately 616 minutes) :
_bsound, color ;
_c4 3/4 in.
336 _atwo-dimensional moving image
337 _avideo
338 _avideodisc
340 _b4 3/4 in.
500 _aBased on the Israeli television series: Prisoners of War / by Gideon Raff.
500 _aOriginally broadcast on television as individual episodes by Showtime in 2013.
500 _aLanguage options taken from DVD menu and may differ from container packaging.
500 _aSpecial features: Homeland season three: re-creating the Tower of David and filming in Puerto Rico; The last days: filming the season finale in Morocco; Deleted scenes; Audio commentary on the season finale with Damian Lewis, Alex Gansa, and Joe Hobeck.
505 0 0 _gDisc 1.
_tTin man is down --
_tUh...oo...aw... --
_tTower of David ;
_gDisc 2.
_tGame on --
_tThe yoga play --
_tStill positive ;
_gDisc 3.
_tGerontion --
_tA red wheelbarrow --
_tOne last thing ;
_gDisc 4.
_tGood night --
_tBig man in Tehran --
_tThe star.
508 _aMusic by Sean Callery ; director of photography, David Klein ; production designer, John D. Kretschmer, Donal Woods ; costume designer, Katina Le Kerr, Gladyris Silva ; executive producers, Henry Bromell, Alexander Cary, Chip Johannessen, Meredith Steihm, Avi Nir, Ran Telem, Gideon Raff, Howard Gordon, Alex Gansa.
511 1 _aClaire Danes, Damian Lewis, Mandy Patinkin, Morena Baccarin, Jamey Sheridan, David Marciano, Jackson Pace, Morgan Saylor.
520 _aAs Carrie and Saul search for the truth behind the bombing of CIA headquarters, lines are blurred between friend and foe and no one can be trusted. While hiding a stunning secret of her own, Carrie helps recruit Brody for a dangerous mission that could offer him a chance at redemption. But when the plan unravels and Brody is targeted deep inside Iran, he must put his life in Carrie's hands, leading to one of the most suspenseful and shocking season finales in TV history.
521 _aMPAA rating: MA Sex and Nudity Gore and Violence
538 _aDVD, NTSC region 1, dual layer, widescreen (1.78:1) presentation; Dolby Digital 5.1, surround Dolby Digital 2.0.
546 _aIn English (Dolby Digital 5.1), dubbed Spanish (Dolby Digital 5.1), or dubbed Portuguese (surround Dolby Digital 2.0); Spanish, French, or Portuguese subtitles; English subtitles for the deaf and hard-of-hearing (SDH); closed-captioned.
610 1 0 _aUnited States.
_bCentral Intelligence Agency
_vDrama.
_95676918
610 2 0 _aQaida (Organization)
_vDrama.
_95739692
650 0 _aWomen intelligence officers
_zUnited States
_vDrama.
_95739693
650 0 _aPrisoners of war
_zUnited States
_vDrama.
_95692422
650 0 _aPrisoners of war
_zIraq
_vDrama.
_96491141
650 0 _aTerrorists
_zUnited States
_vDrama.
_95727247
650 7 _aPrisioneros de guerra
_zEstados Unidos
_vTeatro.
_2bidex
_95739696
650 7 _aPrisioneros de guerra
_zIrak
_vTeatro.
_2bidex
_95739697
650 7 _aTerroristas
_zEstados Unidos
_vTeatro.
_2bidex
_95739698
655 7 _aTelevision programs
_zUnited States.
_2local
_95673882
655 7 _aTelevision series.
_2lcgft
_95674288
655 7 _aSpy television programs.
_2lcgft
_95891165
655 7 _aAction and adventure television programs.
_2lcgft
_95676921
655 7 _aDetective and mystery television programs.
_2lcgft
_95675842
655 7 _aTelevision crime shows.
_2lcgft
_95706353
655 7 _aThrillers (Television programs)
_2lcgft
_95698785
655 7 _aFiction television programs.
_2lcgft
_95673656
655 7 _aVideo recordings for the hearing impaired.
_2lcgft
_95891166
700 1 _aGansa, Alex,
_ecreator,
_etelevision producer.
_95891167
700 1 _aGordon, Howard,
_d1961-
_ecreator,
_etelevision producer.
_95698306
700 1 _aBromell, Henry,
_etelevision producer.
_920379
700 1 _aCary, Alexander,
_d1963-
_etelevision producer.
_95891168
700 1 _aJohannessen, Chip,
_etelevision producer.
_95891169
700 1 _aStiehm, Meredith,
_d1969-
_etelevision producer.
_95891170
700 1 _aNir, Avi,
_etelevision producer.
_95891171
700 1 _aTelem, Ran,
_etelevision producer.
_95891172
700 1 _aRaff, Gideon,
_etelevision producer.
_95891173
700 1 _aDanes, Claire,
_d1979-
_eactor.
_963370
700 1 _aLewis, Damian,
_d1971-
_eactor.
_968961
700 1 _aPatinkin, Mandy,
_eactor.
_913506
700 1 _aBaccarin, Morena,
_eactor.
_972532
700 1 _aSheridan, Jamey,
_eactor.
_967073
700 1 _aMarciano, David,
_d1960-
_eactor.
_95891174
700 1 _aPace, Jackson,
_d1999-
_eactor.
_95891175
700 1 _aSaylor, Morgan,
_d1994-
_eactor.
_95891176
700 1 _aCallery, Sean,
_d1964-
_ecomposer (expression)
_95891177
700 1 _aKlein, David,
_d1972-
_edirector of photography.
_95891178
700 1 _aKretschmer, John D.
_eproduction designer.
_95891179
700 1 _aWoods, Donal,
_eproduction designer.
_95809349
700 1 _aKerr, Katina le,
_ecostume designer.
_95891180
700 1 _aSilva, Gladyris,
_ecostume designer.
_95891181
710 2 _aTwentieth Century-Fox Film Corporation,
_eproduction company.
_95758
710 2 _aTeakwood Lane Productions (Firm),
_eproduction company.
_95891182
710 2 _aCherry Pie Productions,
_eproduction company.
_95891183
710 2 _aKeshet Broadcasting,
_eproduction company.
_95891184
710 2 _aFox 21 (Firm),
_eproduction company.
_95891185
710 2 _aShowtime Networks,
_eproduction company,
_ebroadcaster.
_963052
710 2 _aTwentieth Century Fox Home Entertainment, Inc.,
_efilm distributor.
_961951
942 _cR-VIDEO
_2ddc
948 _a09/10/2014
_zSirsi
999 _c284534
_d284534